000 00420nam a22001337a 4500
003 SGT
020 _a9788126729227
082 _a891.4309
_bN16S
100 _aशर्मा, सुरेश
245 _aनामवर सिंह : सफर 90 साल का
260 _b इंदिरा गाँधी राष्ट्रीय कला केंद्र
_c2016
300 _a95
942 _2ddc
_cBK
999 _c30172
_d30172